Method of harvesting keoromeat mango in chhba ampov district, phnompenh. វិធីសាស្រ្តប្រមូលផលទៅលើផ្លែស្វាយកែវរមៀតនៅសង្កាត់ព្រែកថ្មី ខណ្ឌច្បារអំពៅ រាជធានីភ្នំពេញ (Record no. 8999)

000 -LEADER
fixed length control field 00630nam a22001337a 4500
040 ## - CATALOGING SOURCE
Transcribing agency RUA
082 ## - DEWEY DECIMAL CLASSIFICATION NUMBER
Classification number AGI PAN 2015 B512 Or.1
100 ## - MAIN ENTRY--AUTHOR NAME
Personal name PAN SOPHEA;​ ប៉ាន សុភា
245 ## - TITLE STATEMENT
Title Method of harvesting keoromeat mango in chhba ampov district, phnompenh. វិធីសាស្រ្តប្រមូលផលទៅលើផ្លែស្វាយកែវរមៀតនៅសង្កាត់ព្រែកថ្មី ខណ្ឌច្បារអំពៅ រាជធានីភ្នំពេញ
260 ## - PUBLICATION, DISTRIBUTION, ETC. (IMPRINT)
Place of publication RUA
Name of publisher PAN
Year of publication 2015
300 ## - PHYSICAL DESCRIPTION
Number of Pages vii,31p.
Other physical details ill.
Dimensions 29cm.
856 ## - ELECTRONIC LOCATION AND ACCESS
Uniform Resource Identifier PAN SOPHEA
942 ## - ADDED ENTRY ELEMENTS (KOHA)
Koha item type AGI
952 ## - LOCATION AND ITEM INFORMATION (KOHA)
Withdrawn status [LOCAL, KOHA] 0
952 ## - LOCATION AND ITEM INFORMATION (KOHA)
Withdrawn status [LOCAL, KOHA] 0
952 ## - LOCATION AND ITEM INFORMATION (KOHA)
Withdrawn status [LOCAL, KOHA] 0
952 ## - LOCATION AND ITEM INFORMATION (KOHA)
Withdrawn status [LOCAL, KOHA] 0
952 ## - LOCATION AND ITEM INFORMATION (KOHA)
Withdrawn status [LOCAL, KOHA] 0
952 ## - LOCATION AND ITEM INFORMATION (KOHA)
Withdrawn status [LOCAL, KOHA] 0
952 ## - LOCATION AND ITEM INFORMATION (KOHA)
Withdrawn status [LOCAL, KOHA] 0
952 ## - LOCATION AND ITEM INFORMATION (KOHA)
Withdrawn status [LOCAL, KOHA] 0
Holdings
Permanent Location Date acquired Koha item type Lost status Shelving location Barcode Current Location Full call number
Library Block B2016-08-22AGI B512RUA060839Library Block BAGI PAN 2015 B512 Or.1
Library Block B2016-08-22AGI B512RUA061251Library Block BAGI PAN 2015 B512 Or.2
Library Block B2016-08-22AGI B512RUA061246Library Block BAGI PAN 2015 B512 Or.3
Library Block B2016-08-22AGI B512RUA061187Library Block BAGI PAN 2015 B512 Or.4
Library Block B2016-08-22AGI B512RUA060109Library Block BAGI PAN 2015 B512 Or.5
Library Block B2016-08-22AGI B512RUA060949Library Block BAGI PAN 2015 B512 Or.6
Library Block B2016-08-22AGI B512RUA060700Library Block BAGI PAN 2015 B512 Or.7
Library Block B2016-08-22AGI B512RUA061002Library Block BAGI PAN 2015 B512 Or.8
មជ្ឈមណ្ឌលឯការនៃសាកលវិទ្យាល័យភូមិន្ទកសិកម្មចំការដូង

Powered by Koha